| 000 | 01215nam0a2200325 4500 | ||
|---|---|---|---|
| 001 | RU\NLR\BIBL_A\010196069 | ||
| 005 | 20260621063044.0 | ||
| 010 |
_a978-5-17-082843-2 _95000 |
||
| 021 |
_aRU _b2013-105369 _97324 |
||
| 035 | _a(NILC)RuMoRGB-006717139 | ||
| 035 | _a(NLR Aleph) 010196069 | ||
| 090 |
_a10222486 _c10222486 |
||
| 100 | _a20140228d2014 |||y0rusy50 ca | ||
| 101 | 1 |
_arus _iger |
|
| 102 | _aRU | ||
| 105 | _ay|||z||||||a| | ||
| 200 | 1 |
_aИгра в бисер _e[роман] _fГерман Гессе _g[пер. с нем. С. Апта] |
|
| 210 |
_aМосква _cАСТ _d2014 _d[т. е. 2013] |
||
| 215 |
_a510, [1] с. _d18 |
||
| 225 | 1 | _aСерия "Эксклюзивная классика" | |
| 225 | 1 | _aКниги, изменившие мир. Писатели, объединившие поколения | |
| 300 | _aФактическая дата выхода в свет - 2013 | ||
| 686 | 1 | _aШ6(4Ш)167-4(Лх1398-50) | |
| 700 | 1 |
_8rus _7ca _aГессе _bГ. _f1877-1962 _gГерман _3RU\NLR\AUTH\7720788 _93854 |
|
| 801 | 0 |
_aRU _bRuMoRKP _c20110926 _gRCR |
|
| 801 | 2 |
_aRU _bРГБ _c20131225 _grcr |
|
| 942 | _cBOOK | ||
| 980 | _aNB | ||